| 000 | 04485 a2200493 4500 | ||
|---|---|---|---|
| 001 | 57423 | ||
| 005 | 20260407155836.0 | ||
| 008 | 260407a2016 arg spa d | ||
| 003 | AR-UNSa-BCEJYS | ||
| 040 |
_aAR-UNSa-BCEJYS _bspa _cAR-UNSa-BCEJYS |
||
| 080 |
_a349.2 _xDerecho del Trabajo |
||
| 245 | 1 | 0 |
_aDerecho del trabajo _pun estudio sobre las implicancias del nuevo Código Civil y Comercial desde una perspectiva crítica |
| 020 | _a978-9974-745-03-2 | ||
| 264 | 1 |
_aMontevideo : _bB de F _c2016 |
|
| 300 |
_axix, 417 p. _c23 cm. |
||
| 505 | _a1. Algunas pocas viñetas en torno de la precariedad laboral / Tomás Raffo - 2.2. Estrategias empresariales en la era de globalización .Tercerización y repuestas de los trabajadores / Daniel Ximenez Sáez – 3.La tercerización como estrategia de reformulación de las formulación de las relaciones laborales / Victoria Basualdo y Alejandra Esponda – 4. Principio de interpretación y aplicación de la constitución y normales internacionales de los derechos humanos. Principios del derecho de trabajo y justicia social / David Duarte – 5. La interpretación de la norma laboral en el derecho argentino / Antonio Barrera Nicholson – 6. Fuentes del derecho del trabajo / Enrique Mario Rozenberg – 7. Personas jurídicas en la relación laboral y el código civil y comercial / Cesar Arese – 8. El trabajo de las personas menores y sus relaciones familiares en el código civil y comercial en conjunción con las normas laborales /Liliana Hebe Litterio – 9. El trabajo infantil y adolecente y la incidencia de la reforma del código civil y comercial de la nación / María Martha Terrango – 10. La inoponibilidad de la personalidad jurídica en el derecho de trabajo tras la reforma del código civil (Actual código civil y comercial de la nación) / Diana R. Cañal – 11.Una teoría general especifica de las obligaciones laborales y el nuevo código civil y comercial unificado (una visión algo cinéfila) / Mario Elffman - 12. El nuevo código Civil y comercial y su incidencia en la corrosión del derecho de trabajo .El caso particular de los contratos de suministro, obra y servicios / Guillermo E. Pérez Crespo – 13. Los contratos asociados en el nuevo código civil y comercial en relación a los derechos de los trabajadores. La historia inacabada de la insolidaridad empresaria / Guillemo Pajoni – 14. El agente como figura legal fraudulento en el nuevo código civil y comercial /Leonardo Elgorriaga – 15. Los contratos de concesión y franquicias en el código civil y comercial .Sus relaciones con el derecho de trabajo / Antonio J. Barrera Nicholson – 16.El fideicomiso en el nuevo código civil y comercial y en marco de relaciones laborales / Hugo Roberto Mansueti – 17. La protección del crédito laboral mediante el régimen de privilegios en el nuevo código civil y comercial / Gabriela Fernanda Boquin – 18.El deber de prevención del daño,la acción preventiva(art 1710 y 1711,CC YC), y sus aplicaciones en el mundo laboral / Luis Enrique Ramirez – 19. Las fundaciones (Preventiva y resarcitoria) de la responsabilidad civil en el nuevo código y su influencia en materia de daño laboral / Juan J.Formaro – 20.Los daños punitivos en el ámbito del derecho laboral Daniel Favier – 21.La responsabilidad del estado en el nuevo código civil y comercial de la nación / Horacio Ricardo Gonzalez Matias Cremonte y Alexis Barraza. | ||
| 041 | _aspa | ||
| 942 | _cBK | ||
| 590 | _aniveau_biblio:m niveau_hierar:0 | ||
| 100 | 1 | _aDuarte, David | |
| 700 | 1 | _aRaffo, Tomás | |
| 700 | 1 | _aXiménez Sáez, Daniel | |
| 700 | 1 | _aBasualdo, Victoria | |
| 700 | 1 | _aEsponda, Alejandra | |
| 700 | 1 | _aBarrera Nicholson, Antonio J. | |
| 700 | 1 | _aRozenberg, Enrique Mario | |
| 700 | 1 | _aArese, César | |
| 700 | 1 | _aLitterio, Liliana Hebe | |
| 700 | 1 | _aTerragno, María Martha | |
| 700 | 1 | _aCañal, Diana R. | |
| 700 | 1 | _aElffman, Mario | |
| 700 | 1 | _aPérez Crespo, Guillermo E. | |
| 700 | 1 | _aPajoni, Guillermo | |
| 700 | 1 | _aElgorriaga, Leonardo | |
| 700 | 1 | _aMansueti, Hugo Roberto | |
| 700 | 1 | _aBoquin, Gabriela Fernanda | |
| 700 | 1 | _aRamírez, Luis Enrique | |
| 700 | 1 | _aFormaro, Juan J. | |
| 700 | 1 | _aFavier, Daniela | |
| 700 | 1 | _aGonzález, Horacio Ricardo | |
| 700 | 1 | _aCremonte, Matías | |
| 700 | 1 | _aBarraza, Mario Alexis | |
| 856 | 4 | 1 |
_uhttps://biblioeco.unsa.edu.ar/pmb/images/libros/L128777.jpg _yImagen de portada _qimage/jpeg |
| 999 |
_c6204 _d6204 |
||